| 000 | 00692nam a2200229Ia 4500 | ||
|---|---|---|---|
| 001 | 2021 | ||
| 003 | GE_BSU | ||
| 008 | 181216s||||||||xx |||||||||||||| ||und|| | ||
| 020 | _a9785911312794 | ||
| 040 | _cGE_BSU | ||
| 080 | _a340.1(1.87)(075.8) | ||
| 100 | _aАбдурахманова,И.В. | ||
| 245 | _aИстория государства и права зарубежных стран | ||
| 245 | _bУч-е пособие для вузов | ||
| 260 | _aМосква | ||
| 260 | _bДашков и К | ||
| 260 | _c2007 | ||
| 300 | _a400стр. | ||
| 541 | _h15л. | ||
| 653 | _aИстория государства и права зарубежных стран | ||
| 942 | _cBK | ||
| 999 |
_c36121 _d36121 |
||